Central Library OPAC University of Rajshahi

Role of NGOs for the empowerment of Sex-Workers : (Record no. 81207)

MARC details
000 -LEADER
fixed length control field 00990nam a22002417a 4500
001 - CONTROL NUMBER
RUCL Control Number 81207
003 - CONTROL NUMBER IDENTIFIER
rucl marc code BD-RjUL
005 - DATE AND TIME OF LATEST TRANSACTION
control field 20231113153643.0
008 - FIXED-LENGTH DATA ELEMENTS--GENERAL INFORMATION
fixed length control field 230212s2012 bg a|||| m||| 00| 0 eng d
035 ## - SYSTEM CONTROL NUMBER
system control number (BD-RjUL)81207
040 ## - CATALOGING SOURCE
Original cataloging agency BD-RjUL
Language of cataloging eng
Transcribing agency BD-RjUL
Modifying agency BD-RjUL
041 ## - LANGUAGE CODE
Language code of Book eng
082 ## - DEWEY DECIMAL CLASSIFICATION NUMBER
DDC Edition number 23
Classification number 306.75492
Author mark and Year HYR 2012
100 ## - MAIN ENTRY--PERSONAL NAME
Personal name Hyder, Kazi Muhammad, Wazir
9 (RLIN) 6947
245 10 - TITLE STATEMENT
Title Role of NGOs for the empowerment of Sex-Workers :
Remainder of title A Study on Two Brothels in Bangladesh /
Statement of responsibility, etc Researcher Kazi Muhammad. Wazir Hyder ;
Name of Supervisor/Co-Supervisor Supervisor : Md. Sadequl Arefin
260 ## - PUBLICATION, DISTRIBUTION, ETC. (IMPRINT)
Place of publication, distribution, etc Rajshahi :
Name of publisher, distributor, etc Institute of Bangladesh studies, University of Rajshahi,
Date of publication, distribution, etc 2012
300 ## - PHYSICAL DESCRIPTION
Pagination xxvii, 205 leaves :
Other physical details ill, ;
Dimensions 29.cm.
502 ## - DISSERTATION NOTE
Dissertation note Thesis (Ph. D.) -- Institute of Bangladesh studies, University of Rajshahi, 2012
504 ## - BIBLIOGRAPHY, ETC. NOTE
Bibliography, etc Bibliography : Leaves 182 - 189
650 ## - SUBJECT ADDED ENTRY--TOPICAL TERM
Topical term or geographic name as entry element Sexual relations
General subdivision Culture and institutions
Geographic subdivision Bangladesh
9 (RLIN) 6948
700 ## - ADDED ENTRY--SUPERVISOR/CO-SUPERVISOR NAME
Personal name Arefin, Md. Sadequl, Supervisor
9 (RLIN) 2887
942 ## - ADDED ENTRY ELEMENTS (KOHA)
Source of classification or shelving scheme Dewey Decimal Classification
Koha item type Theses
Holdings
Source of classification or shelving scheme Damaged status Not for loan Collection code Permanent Location Current Location Shelving location Date of accession Source of acquisition Full call number Barcode Date last seen Copy number Thesis
Dewey Decimal Classification   Not For Loan Theses Central Library, University of Rajshahi Central Library, University of Rajshahi Documentation Section 15/09/2014 Controller of Exam. R.U. THE 306.75492 HYR 2012 D3634 12/02/2023 C-1 Theses